|
|
|
|
| LEADER |
01095nam a2200241 a 4500 |
| 001 |
12912831 |
| 008 |
090623s2001 bg a b f001 0 eng b |
| 010 |
|
|
|a \\2001445077
|
| 020 |
|
|
|a 9848140026
|
| 040 |
|
|
|a DLC
|c DLC
|d DLC
|
| 082 |
0 |
0 |
|a 730.095492
|2 22
|
| 100 |
1 |
|
|a Haque, Enamul,
|d 1936-
|
| 245 |
1 |
0 |
|a Chandraketugarh :
|b a treasure house of Bengal terracottas : with 678 illustrations including 400 in colour /
|c Enamul Haque.
|
| 260 |
|
|
|a Dhaka :
|b The International Centre for Study of Bengal Art,
|c c2001.
|
| 300 |
|
|
|a 416 p. :
|b ill. (some col) ;
|c 29 cm.
|
| 490 |
1 |
|
|a Studies in Bengal art series ;
|v no. 4
|
| 504 |
|
|
|a Includes bibliographical references (p. [405]-409) an index.
|
| 541 |
1 |
|
|e 00010123
|
| 650 |
|
0 |
|a Terra-cotta sculpture
|z Bangladesh
|
| 710 |
2 |
|
|a International Centre for Study of Bengal Art.
|
| 852 |
4 |
|
|a Ayesha Abed Library
|j General shelf
|
| 999 |
|
|
|c 1655
|d 1655
|
| 952 |
|
|
|0 0
|1 0
|2 ddc
|4 0
|6 730_095492000000000_HAQ
|7 0
|9 1520
|a BRACUL
|b BRACUL
|c GEN
|d 2009-06-28
|g 0.00
|l 1
|o 730.095492 HAQ
|p 3010010123
|r 2025-02-24
|s 2025-01-12
|t 1
|w 2009-06-28
|y BK
|x No price found in the accession register.
|